书目信息 |
| 题名: |
北京松山常见物种资源图谱
|
|
| 作者: | 王小平 主编 | |
| 分册: | ||
| 出版信息: | 北京 中国林业出版社 2013.09 |
|
| 页数: | 432页 | |
| 开本: | 24cm | |
| 丛书名: | ||
| 单 册: | ||
| 中图分类: | Q-92 | |
| 科图分类: | ||
| 主题词: | 物种--种质资源--北京--图谱 , 物种 , 种质资源 | |
| 电子资源: | ||
| ISBN: | 978-7-5038-7066-8 | |
| 000 | 01268nam0 2200289 450 | |
| 001 | 0120131158710 | |
| 005 | 20140609154348.29 | |
| 010 | @a978-7-5038-7066-8@dCNY158.00 | |
| 100 | @a20131031d2013 em y0chiy0110 ea | |
| 101 | 0 | @achi |
| 102 | @aCN@b110000 | |
| 105 | @aab z 001yy | |
| 106 | @ar | |
| 200 | 1 | @a北京松山常见物种资源图谱@9bei jing song shan chang jian wu zhong zi yuan tu pu@dFlora and fauna in Beijing Songshan nature reserve@f王小平[等]主编@zeng |
| 210 | @a北京@c中国林业出版社@d2013.09 | |
| 215 | @a432页@c地图@d24cm | |
| 300 | @a国家林业局林业公益行业科研专项“都市型自然保护区保护与适应关键技术研究”,项目编号:201004053 中韩林业合作“北京八达岭地区森林资源保护与公众教育”示范项目 国家林业局林业公益行业科研专项“重要名胜区古树健康诊断与维持技术研究”,项目编号:200904019 | |
| 330 | @a本书共收集松山常见植物270种、鸟类83种、哺乳动物13种、爬行动物4种、西栖动物1种、昆虫159种。每个物种配有原色彩色照片。 | |
| 333 | @a物种种质资源相关研究人员 | |
| 510 | 1 | @aFlora and fauna in Beijing Songshan nature reserve@zeng |
| 606 | 0 | @a物种@x种质资源@y北京@j图谱 |
| 606 | 0 | @a物种 |
| 606 | 0 | @a种质资源 |
| 690 | @aQ-92@v5 | |
| 701 | 0 | @a王小平@9wang xiao ping@4主编 |
| 801 | 0 | @aCN@b人天书店@c20131031 |
| 905 | @b549862-64@dQ-92@e66@f3 | |
| 北京松山常见物种资源图谱=Flora and fauna in Beijing Songshan nature reserve/王小平[等]主编.-北京:中国林业出版社,2013.09 |
| 432页:地图;24cm |
| 国家林业局林业公益行业科研专项“都市型自然保护区保护与适应关键技术研究”,项目编号:201004053 中韩林业合作“北京八达岭地区森林资源保护与公众教育”示范项目 国家林业局林业公益行业科研专项“重要名胜区古树健康诊断与维持技术研究”,项目编号:200904019.-使用对象:物种种质资源相关研究人员 |
| ISBN 978-7-5038-7066-8:CNY158.00 |
| 本书共收集松山常见植物270种、鸟类83种、哺乳动物13种、爬行动物4种、西栖动物1种、昆虫159种。每个物种配有原色彩色照片。 |
| ● |
| 相关链接 |
|
|
|
|
正题名:北京松山常见物种资源图谱
索取号:Q-92/66
 
预约/预借
| 序号 | 登录号 | 条形码 | 馆藏地/架位号 | 状态 | 备注 |
| 1 | 549862 | 205498629 | 第二样本阅览室/ [索取号:Q-92/66] | 在馆 | |
| 2 | 549863 | 205498638 | 第三借阅区/ [索取号:Q-92/66] | 在馆 | |
| 3 | 549864 | 205498647 | 密集书库-生命科学系/ [索取号:Q-92/66] | 在馆 |